Halloween - Phoebe Bridgers (Lyrics) - Statistics

General Stats
  • This quiz has been taken 11 times
  • The average score is 146 of 172
Answer Stats
Answer % Correct
a
100%
and
100%
And
100%
anything
100%
Baby
100%
be
100%
Be
100%
can
100%
Halloween
100%
I
100%
it's
100%
on
100%
we
100%
We
100%
all
86%
better
86%
by
86%
come
86%
do
86%
down
86%
dying
86%
fan
86%
go
86%
hate
86%
hospital
86%
if
86%
joke
86%
killed
86%
living
86%
man
86%
me
86%
nigh
86%
sirens
86%
Some
86%
stadium
86%
tell
86%
that
86%
That
86%
the
86%
The
86%
they
86%
They
86%
to
86%
truth
86%
up
86%
used
86%
want
86%
Was
86%
what
86%
Whatever
86%
whatever
86%
When
86%
woke
86%
you
86%
you're
86%
asking
71%
beat
71%
been
71%
count
71%
death
71%
drinking
71%
for
71%
him
71%
I'll
71%
keep
71%
mask
71%
of
71%
Oh
71%
Somebody
71%
visiting
71%
wearing
71%
you've
71%
Always
57%
But
57%
everything
57%
expect
57%
in
57%
last
57%
live
57%
love
57%
make
57%
never
57%
only
57%
past
57%
questions
57%
Sick
57%
surprised
57%
There's
57%
things
57%
time
57%
No matching quizzes found
Score Distribution
Percent of People with Each Score
Percentile by Number Answered
Your Score History
You have not taken this quiz